000 00306nam a2200121Ia 4500
008 151001s9999||||xx |||||||||||||| ||und||
100 _aवामन देशपांडे
245 _aछाया पडछाया
260 _bप्रणव
260 _c1995
300 _a80
365 _b13
999 _c971092
_d971089